LDR 00997naa#a2200181#i#450# 001 RU\\bibl\126606 005 20260703203845.5 011 ## _a2222-7962 100 ## _a20260628b2026####ek#y0rusy0150####ca 102 ## _aRU 200 1# _aПриуроченность совообразных (Strigiformes) к лесным насаждениям и гнездовая пригодность микрофрагментов в агроландшафтах Воронежской области _eЖурнальная статья 210 1# _aВоронеж _cВоронежский государственный лесотехнический университет имени Г.Ф. Морозова _d2026 215 ## _a15 с. 608 ## _aЖурнальная статья _2local 675 ## _aЛесное хозяйство. Лесоводство. 630 _z 700 #1 _aЯковенко _gНаталия Владимировна 700 #1 _aТурчанинова _gЕлена Викторовна 856 4# _azh-szf.ru _u